000 00300nam a2200133Ia 4500
008 221030s9999 xx 000 0 und d
041 _aEnglish
082 _a105.23
100 _aS. P. Robbins
245 0 _aOrganisational Behaviour
_cby S. P. Robbins
260 _c0
650 _aMb
942 _cBK
999 _c11215
_d11215